<?xml version="1.0" encoding="UTF-8"?>
<collection xmlns="http://www.loc.gov/MARC21/slim">
<record>
  <controlfield tag="001">858</controlfield>
  <datafield tag="088" ind1=" " ind2=" ">
    <subfield code="a">WY0002c</subfield>
  </datafield>
  <datafield tag="260" ind1=" " ind2=" ">
    <subfield code="c">1851</subfield>
  </datafield>
  <datafield tag="980" ind1=" " ind2=" ">
    <subfield code="a">59476936857</subfield>
  </datafield>
  <datafield tag="520" ind1=" " ind2=" ">
    <subfield code="a">Mrs. Jose Francisco Armijo (Jesus Maria) and; grandaughter Maria Armijo, daughter of Antonio Mariano Armijo. 1851 tintype (Property of Lolita (Wight) Stalp.)</subfield>
  </datafield>
  <datafield tag="960" ind1=" " ind2=" ">
    <subfield code="a">wy</subfield>
  </datafield>
</record>
</collection>